00638 2200241 4500001002100000005001700021008004100038020001800079035002400097082001200121090002200133100001900155245004000174250001000214260003500224300002800259500002800287650003200315850001500347980001300362985000600375999001500381YOGYA-0209000003501020090227024949.0 ind  a979-8031-20-2 0010-020900000035010 a639.543 a639.543bMuj BlT aMUJIMAN, Ahmad aBudidaya udang putihcAhmad Mujiman aCet.7 aJakartabPenebar Swadayac1994 avi, 45 hlmbilusc20 cm aBibliografi : hlm.44-45 aUdang putih - Pembudidayaan aYOPDYOG(B) a13-11-06 a1 a95P0057883